| 000 -LEADER |
| fixed length control field |
00540nam a2200217Ia 4500 |
| 001 - CONTROL NUMBER |
| control field |
11786 |
| 003 - CONTROL NUMBER IDENTIFIER |
| control field |
GE_BSU |
| 008 - FIXED-LENGTH DATA ELEMENTS--GENERAL INFORMATION |
| fixed length control field |
181216s||||||||xx |||||||||||||| ||und|| |
| 020 ## - INTERNATIONAL STANDARD BOOK NUMBER |
| International Standard Book Number |
9780552148399 |
| 040 ## - CATALOGING SOURCE |
| Transcribing agency |
GE_BSU |
| 080 ## - UNIVERSAL DECIMAL CLASSIFICATION NUMBER |
| Universal Decimal Classification number |
821.111-31 |
| 100 ## - MAIN ENTRY--PERSONAL NAME |
| Personal name |
Cooper,Jilly |
| 245 ## - TITLE STATEMENT |
| Title |
Liza & Co:Originally Published as love and other heartaches |
| 260 ## - PUBLICATION, DISTRIBUTION, ETC. |
| Place of publication, distribution, etc. |
London |
| 260 ## - PUBLICATION, DISTRIBUTION, ETC. |
| Name of publisher, distributor, etc. |
Corgi Books |
| 260 ## - PUBLICATION, DISTRIBUTION, ETC. |
| Date of publication, distribution, etc. |
1981 |
| 300 ## - PHYSICAL DESCRIPTION |
| Extent |
271p.18cm. |
| 653 ## - INDEX TERM--UNCONTROLLED |
| Uncontrolled term |
Liza & Co |
| 653 ## - INDEX TERM--UNCONTROLLED |
| Uncontrolled term |
Originally Published as love and other heartaches |
| 942 ## - ADDED ENTRY ELEMENTS (KOHA) |
| Koha item type |
წიგნი |